| 000 | 00502nam a22001577a 4500 | ||
|---|---|---|---|
| 008 | 170817b xxu||||| |||| 00| 0 eng d | ||
| 020 | _a9716420056 | ||
| 082 |
_21994 _aDFil 959.9 _bZ1 |
||
| 100 |
_922232 _aZaide, Sonia M. |
||
| 245 |
_aThe Philippines: _ba unique nation/ _cSonia M. Zaide. |
||
| 260 |
_aManila: _bAll-Nations Pub., _cc1994. |
||
| 300 |
_a458 pages; _c22 cm. |
||
| 500 | _aIncludes bibliographical references and index. | ||
| 650 | 0 |
_922229 _aPhilippines -- History. |
|
| 942 |
_2ddc _cDFIL |
||
| 999 |
_c7315 _d7315 |
||